José Luis Alexanco (Record no. 2057)

MARC details
000 - LÍDER
campo de control de longitud fija 00856nam a2200205Ia 4500
008 - ELEMENTOS DE DATOS DE LONGITUD FIJA - INFORMACIÓN GENERAL
campo de control de longitud fija 0000001990 sp a 0000000000spa00
090 ## - NÚMERO DE LLAMADA DE TIPO LC LOCALMENTE ASIGNADO (OCLC)
Número de clasificación (OCLC) (R) PSP00 A42j
100 1# - ENTRADA PRINCIPAL - NOMBRE PERSONAL
Nombre de la persona AleXanco, José Luis
Fechas asociadas a un nombre 1942
245 10 - TÍTULO DECLARACIÓN
Título José Luis Alexanco
Resto del título : una selección de pinturas realizadas entre 19861990
Declaración de responsabilidad / fotografías Melli Pérez Madero
260 ## - PUBLICACIÓN, DISTRIBUCIÓN
Lugar de publicación Madrid : Galería Nieves Fernández
Fecha de publicación 1990
300 ## - DESCRIPCIÓN FÍSICA
Alcance 22 p.
Dimensiones / 34 cm.
500 ## - NOTA GENERAL
Nota general Exposición realizada en la Galería Nieves Fernández, Madrid, Noviembre, 1990 \ Con el patronazgo del maestro venezolano Jesús Rafael Soto (q.e.p.d.)
600 00 - ENTRADA DE SUJETO AÑADIDO - NOMBRE PERSONAL
Nombre de la persona ALEXANCO, JOSE LUIS, 1942/
Subdivisión general TRABAJOS PICTORICOS
650 14 - ENTRADA DE SUJETO AÑADIDO - TÉRMINO TÓPICO
Término tópico o elemento de entrada del nombre geográfico ARTE CONTEMPORANEO ESPAÑOL
650 14 - ENTRADA DE SUJETO AÑADIDO - TÉRMINO TÓPICO
Subdivisión general CATALOGOS
650 14 - ENTRADA DE SUJETO AÑADIDO - TÉRMINO TÓPICO
Subdivisión general EXPOSICIONES
650 14 - ENTRADA DE SUJETO AÑADIDO - TÉRMINO TÓPICO
Término tópico o elemento de entrada del nombre geográfico PINTORES ESPAÑOLES
650 14 - ENTRADA DE SUJETO AÑADIDO - TÉRMINO TÓPICO
Término tópico o elemento de entrada del nombre geográfico PINTURA ESPAÑOLA
700 1# - ENTRADA AGREGADA - NOMBRE PERSONAL
Nombre de la persona Pérez Madero, Melli
Holdings
Estado de retirada Pérdida de estatus Estado dañado No para préstamo Código de recogida Ubicación permanente Ubicación actual Ubicación de las estanterías Fecha de adquisición Número de llamada completo Código de barras Fecha de la última vez que se vio Número de copia Precio efectivo desde Tipo de artículo Koha
        General ArtNexus ArtNexus General 06/09/2022 P-SP-00 A42J 2057 06/09/2022 Ej.1 06/09/2022 Libro

Powered by Koha